ADVANCED ENGINEERING MATHEMATICS (Record no. 217049)
[ view plain ]
| 000 -LEADER | |
|---|---|
| fixed length control field | 00516nam a22001697a 4500 |
| 008 - FIXED-LENGTH DATA ELEMENTS--GENERAL INFORMATION | |
| fixed length control field | 260423b |||||||| |||| 00| 0 eng d |
| 020 ## - INTERNATIONAL STANDARD BOOK NUMBER | |
| International Standard Book Number | 978-93-5283-718-2 |
| 100 ## - MAIN ENTRY--PERSONAL NAME | |
| Personal name | DASS, H. K. |
| 245 ## - TITLE STATEMENT | |
| Title | ADVANCED ENGINEERING MATHEMATICS |
| Remainder of title | FOR THE STUDENTS OF M, E, B, E, AND OTHER ENGINEERING EXAMINATIONS |
| 250 ## - EDITION STATEMENT | |
| Edition statement | 22ED |
| 260 ## - PUBLICATION, DISTRIBUTION, ETC. | |
| Place of publication, distribution, etc. | NEW DELHI |
| Name of publisher, distributor, etc. | S. CHAND PUBLISHING |
| Date of publication, distribution, etc. | 2022 |
| 300 ## - PHYSICAL DESCRIPTION | |
| Extent | XXV, 1410P. |
| 500 ## - GENERAL NOTE | |
| General note | INCLUDES INDEX |
| 650 ## - SUBJECT ADDED ENTRY | |
| Topical term or geographic name entry element | ENGINEERING MATHEAMATICS |
| 942 ## - ADDED ENTRY ELEMENTS (KOHA) | |
| Source of classification or shelving scheme | Library of Congress Classification |
| Koha item type | Long Loan Book |
| Withdrawn status | Lost status | Source of classification or shelving scheme | Damaged status | Not for loan | Collection | Home library | Current library | Shelving location | Date acquired | Inventory number | Total checkouts | Full call number | Barcode | Date last seen | Copy number | Price effective from | Koha item type |
|---|---|---|---|---|---|---|---|---|---|---|---|---|---|---|---|---|---|
| Library of Congress Classification | Science & Technology | Kisii University Library | Kisii University Library | On Display | 04/23/2026 | 113235 | TA 330 .D37 2022 | 000000017449 | 04/23/2026 | 1 | 04/23/2026 | Long Loan Book | |||||
| Library of Congress Classification | Science & Technology | Kisii University Library | Kisii University Library | On Display | 04/23/2026 | 113236 | TA 330 .D37 2022 | 000000017708 | 04/23/2026 | 2 | 04/23/2026 | Long Loan Book | |||||
| Library of Congress Classification | Science & Technology | Kisii University Library | Kisii University Library | On Display | 04/23/2026 | 113237 | TA 330 .D37 2022 | 000000017707 | 04/23/2026 | 3 | 04/23/2026 | Long Loan Book |